Instrumento de Evaluación de los Niveles de Concreción Curricular y los Planes Anuales, de Unidad Didáctica y de las Clases Diarias del Área de Educación Física / (Record no. 12586)

MARC details
000 -LEADER
campo de control de longitud fija 01748nmm a2200301 i 4500
003 - IDENTIFICADOR DE NÚMERO DE CONTROL
campo de control DO-SdISF
005 - FECHA Y HORA DE LA ÚLTIMA TRANSACCIÓN
campo de control 20250319140209.0
007 - CAMPO FIJO DE DESCRIPCIÓN FÍSICA--INFORMACIÓN GENERAL
campo de control de longitud fija ta
008 - DATOS DE LONGITUD FIJA--INFORMACIÓN GENERAL
campo de control de longitud fija 240130s2020 dr ||||fo||d| 00| 0 spa d
040 ## - FUENTE DE CATALOGACIÓN
Centro catalogador/agencia de origen DO-SdISF
Lengua de catalogación spa
Centro/agencia transcriptor DO-SdISF
Normas de descripción rda
100 1# - ENTRADA PRINCIPAL--NOMBRE DE PERSONA
Nombre de persona Santos Tavárez, Gabriel de los
Término indicativo de función/relación Autor
9 (RLIN) 31090
245 10 - MENCIÓN DEL TÍTULO
Título Instrumento de Evaluación de los Niveles de Concreción Curricular y los Planes Anuales, de Unidad Didáctica y de las Clases Diarias del Área de Educación Física /
Mención de responsabilidad, etc. Autor: Gabriel De Los Santos Tavárez ; Asesor: Diego Rafael La Rotta Villamizar
264 #1 - PRODUCCIÓN, PUBLICACIÓN, DISTRIBUCIÓN, FABRICACIÓN Y COPYRIGHT
Producción, publicación, distribución, fabricación y copyright Santo Domingo :
Nombre del de productor, editor, distribuidor, fabricante ISFODOSU,
Fecha de producción, publicación, distribución, fabricación o copyright 2020
300 ## - DESCRIPCIÓN FÍSICA
Extensión 1 recurso en línea (117 páginas) :
Otras características físicas Ilustraciones
336 ## - TIPO DE CONTENIDO
Fuente rdacontent
Término de tipo de contenido texto
Código de tipo de contenido txt
337 ## - TIPO DE MEDIO
Fuente rdamedia
Nombre/término del tipo de medio computadora
Código del tipo de medio c
338 ## - TIPO DE SOPORTE
Fuente rdacarrier
Nombre/término del tipo de soporte recurso en línea
Código del tipo de soporte cr
347 ## - CARACTERÍSTICAS DEL ARCHIVO DIGITAL
Fuente rda
Tipo de archivo archivo de texto
Formato de codificación PDF
502 ## - NOTA DE TESIS
Nota de tesis Tesis para optar por el título de Maestría en Educación Física Integral - Instituto Superior de Formación Docente Salomé Ureña - ISFODOSU, Recinto Eugenio María de Hostos, 2020
504 ## - NOTA DE BIBLIOGRAFÍA, ETC.
Nota de bibliografía, etc. Nota Bibliografía en página 51
505 ## - NOTA DE CONTENIDO CON FORMATO
Nota de contenido con formato Introducción al problema de investigación 4 – revisión de la Literatura 15 – metodología 22 – presentación de los resultados 35 – interpretación de los resultados 45 - referencias bibliográficas 51 – anexos 57
650 17 - PUNTO DE ACCESO ADICIONAL DE MATERIA--TÉRMINO DE MATERIA
Término de materia o nombre geográfico como elemento de entrada Educación física
Subdivisión geográfica República Dominicana
Fuente del encabezamiento o término armarc
9 (RLIN) 24501
650 17 - PUNTO DE ACCESO ADICIONAL DE MATERIA--TÉRMINO DE MATERIA
Término de materia o nombre geográfico como elemento de entrada Evaluación curricular
Subdivisión general Instrumentos
Fuente del encabezamiento o término armarc
9 (RLIN) 25808
650 14 - PUNTO DE ACCESO ADICIONAL DE MATERIA--TÉRMINO DE MATERIA
Término de materia o nombre geográfico como elemento de entrada Planes de desarrollo
9 (RLIN) 8302
700 ## - ENTRADA AGREGADA--NOMBRE PERSONAL
Nombre de persona La Rotta, Diego Rafael
Término indicativo de función/relación Asesor
9 (RLIN) 31089
856 ## - LOCALIZACIÓN Y ACCESO ELECTRÓNICOS
Texto de enlace Clic para ver Texto Completo
Identificador Uniforme de Recurso <a href="https://biblioteca.isfodosu.edu.do/cgi-bin/koha/opac-retrieve-file.pl?id=12d5f3cdb5803559f0c8096b216e860b">https://biblioteca.isfodosu.edu.do/cgi-bin/koha/opac-retrieve-file.pl?id=12d5f3cdb5803559f0c8096b216e860b</a>
942 ## - ELEMENTOS DE ENTRADA SECUNDARIOS (KOHA)
Fuente de la clasificación o esquema de estantería
Tipo de ítem Koha
Suprimir en OPAC No
Holdings
Estatus retirado Estado de pérdida Fuente de la clasificación o esquema de estantería Estado de daño No para préstamo Biblioteca de origen Biblioteca actual Fecha de adquisición Total de préstamos Visto por última vez Identificador uniforme de recursos Precio de reemplazo Tipo de ítem Koha
    Clasificación Decimal Dewey     Repositorio INERED Repositorio INERED 19/03/2025   19/03/2025 https://biblioteca.isfodosu.edu.do/cgi-bin/koha/opac-detail.pl?biblionumber=32457 19/03/2025 Tesis digital

© 2024. Todos los Derechos Reservados. Desarrollado por IDEICE